|
|
|
|
| LEADER |
00977nam a2200277 a 4500 |
| 001 |
c000413742 |
| 003 |
CARM |
| 005 |
00000000000000.0 |
| 008 |
990419t1999 enka 001 0 eng d |
| 019 |
1 |
|
|a 20004140
|
| 020 |
|
|
|a 1901522431
|
| 040 |
|
|
|a VDU
|b eng
|c VDU
|
| 043 |
|
|
|a e-uk---
|
| 082 |
0 |
4 |
|a 677.0285
|2 21
|
| 100 |
1 |
|
|a Watkins, George.
|
| 245 |
1 |
4 |
|a The textile mill engine.
|n Parts 1 & 2 /
|c George Watkins.
|
| 250 |
|
|
|a 2nd ed.
|
| 260 |
|
|
|a Ashbourne, Eng. :
|b Landmark,
|c 1999.
|
| 300 |
|
|
|a 232 p. :
|b ill. ;
|c 24 cm.
|
| 650 |
|
0 |
|a Textile machinery
|z Great Britain
|x History.
|
| 650 |
|
0 |
|a Steam-engines
|z Great Britain
|x History.
|
| 650 |
|
0 |
|a Steam-engines
|x Pictorial works.
|
| 650 |
|
0 |
|a Textile machinery
|x Pictorial works.
|
| 852 |
8 |
|
|b CARM
|h A3:AF30F0
|i C12725
|p 0188207
|f BK
|
| 999 |
f |
f |
|i ae664d85-dfbd-547c-b719-2f8761acc0e2
|s 7e6d855c-a487-5f96-ac9d-638d7483120d
|
| 952 |
f |
f |
|p Can circulate
|a CAVAL
|b CAVAL
|c CAVAL
|d CARM 1 Store
|e C12725
|f A3:AF30F0
|h Other scheme
|i book
|m 0188207
|